000 01190nam2a22002771 4500
001 rc\897795
005 20251118181657.4
035 _a(NLR Aleph) 005978450
090 _a7003190
_c7003190
100 _a20070321d1983 u |0rusy50 ca
101 0 _arus
102 _aRU
105 _ay |||||||||
200 0 _a... за 1979 (II пол.) - 1982 гг.
_f[Составитель З.З. Либина]
210 _d1983
215 _a28 с.
225 1 _a...
_v20-83
461 0 _1001rc\1189023
_12001#$aНеразрушающий контроль качества отливок$eАннот. указ. отеч. и иностр. лит. ...$v... за 1979 (II пол.) - 1982 гг.
_96959888
_cМ.
_d1983
_nНИИЭинформэнергомаш
_oАннот. указ. отеч. и иностр. лит. ...
_tНеразрушающий контроль качества отливок
_v... за 1979 (II пол.) - 1982 гг.
702 1 _aЛибина
_bЗ. З.
_gЗоя Залмановна
_4220
801 0 _aRU
_bNLR
_gpsbo
801 1 _aRU
_bELAR
_2rusmarc
852 _aNLR
_bС
_jК-2/1785
899 _aRuMoRGB
_jБ 75-39/176
899 _aRuMoRGB
_jБ 75-39/178
942 _cBOOK
980 _aNB